Normal view
MARC view
- Lecturer Shahnila Gul Channa
Entry Personal Name
001 - CONTROL NUMBER
- control field: 47630
003 - CONTROL NUMBER IDENTIFIER
- control field: NUST
005 - DATE AND TIME OF LATEST TRANSACTION
- control field: 20210314133852.0
008 - FIXED-LENGTH DATA ELEMENTS
- fixed length control field: 210314|| aca||aabn | a|a d
040 ## - CATALOGING SOURCE
- Original cataloging agency: NUST
- Transcribing agency: NUST
100 ## - HEADING--PERSONAL NAME
- Personal name: Lecturer Shahnila Gul Channa
670 ## - SOURCE DATA FOUND
- Source citation: Work cat.: (NUST): Arshad Ali 47629, Safety evaluation of building construction projects of military engineer services (MES), 2014
